Statistiques concernant Toutes les fédérations national de foot

Cliquez ici pour prendre le quiz!

Statistiques générales

  • Ce quiz a été pris 32 fois
  • Le résultat moyen est 155 sur 225

Statistiques - réponses

Fédérations% Correct
Allemagne
100%
Angleterre
100%
Chine
100%
France
100%
Irlande
100%
Islande
100%
Norvège
100%
Pologne
100%
Algérie
96%
Danemark
96%
Espagne
96%
États-Unis
96%
Finlande
96%
Maroc
96%
Pays-Bas
96%
Russie
96%
Serbie
96%
Suède
96%
Suisse
96%
Albanie
92%
Argentine
92%
Belgique
92%
Brésil
92%
Canada
92%
Colombie
92%
Corée du Nord
92%
Corée du Sud
92%
Croatie
92%
Écosse
92%
Estonie
92%
Irak
92%
Iran
92%
Israël
92%
Luxembourg
92%
Mexique
92%
Portugal
92%
Andorre
88%
Arabie Saoudite
88%
Australie
88%
Autriche
88%
Biélorussie
88%
Bolivie
88%
Bulgarie
88%
Chili
88%
Géorgie
88%
Grèce
88%
Japon
88%
Jordanie
88%
Lettonie
88%
Lituanie
88%
Mongolie
88%
Monténégro
88%
Pérou
88%
Saint-Marin
88%
Slovaquie
88%
Tunisie
88%
Turquie
88%
Uruguay
88%
Azerbaïdjan
85%
Hongrie
85%
Inde
85%
Italie
85%
Moldavie
85%
Paraguay
85%
Pays de Galles
85%
Philippines
85%
Qatar
85%
Roumanie
85%
Slovénie
85%
Venezuela
85%
Angola
81%
Arménie
81%
Chypre
81%
Cuba
81%
Égypte
81%
Équateur
81%
Indonésie
81%
Kazakhstan
81%
Kosovo
81%
Koweït
81%
Liban
81%
Liechtenstein
81%
Macédoine du Nord
81%
Nouvelle-Zélande
81%
Pakistan
81%
Thaïlande
81%
Turkménistan
81%
Ukraine
81%
Bosnie-Herzégovine
77%
Côte d'Ivoire
77%
Fidji
77%
Gibraltar
77%
Oman
77%
Sénégal
77%
Suriname
77%
Syrie
77%
Tadjikistan
77%
Tchéquie
77%
Afghanistan
73%
Afrique du Sud
73%
Cambodge
73%
Comores
73%
Guatemala
73%
Laos
73%
Malaisie
73%
Maldives
73%
Malte
73%
Mauritanie
73%
Népal
73%
Niger
73%
Ouzbékistan
73%
Samoa
73%
Taipei chinois
73%
Viêt Nam
73%
Yémen
73%
Belize
69%
Birmanie
69%
Cap-Vert
69%
Guinée
69%
Irlande du Nord
69%
Mali
69%
Mozambique
69%
Nigeria
69%
Panama
69%
Rép. démocratique du Congo
69%
République du Congo
69%
Singapour
69%
Soudan
69%
Tonga
69%
Vanuatu
69%
Bangladesh
65%
Bhoutan
65%
Émirats arabes unis
65%
Gambie
65%
Ghana
65%
Honduras
65%
Jamaïque
65%
Kirghizistan
65%
Libye
65%
Madagascar
65%
Nicaragua
65%
Somalie
65%
Tanzanie
65%
Togo
65%
Tuvalu
65%
Zimbabwe
65%
Bahreïn
62%
Cameroun
62%
Costa Rica
62%
États fédérés de Micronésie
62%
Éthiopie
62%
Gabon
62%
Guinée-Bissau
62%
Guyane
62%
Haïti
62%
Îles Salomon
62%
Maurice
62%
Palestine
62%
Zambie
62%
Bahamas
58%
Bénin
58%
Burkina Faso
58%
Djibouti
58%
Érythrée
58%
Grenade
58%
Guinée Équatoriale
58%
Îles Féroé
58%
Kenya
58%
Kiribati
58%
Ouganda
58%
Seychelles
58%
Sri Lanka
58%
Trinité-et-Tobago
58%
Antigua-et-Barbuda
54%
Brunei
54%
Burundi
54%
Guyana
54%
Liberia
54%
Martinique
54%
Palaos
54%
République centrafricaine
54%
République Dominicaine
54%
Saint-Vincent-et-les-Grenadines
54%
Salvador
54%
Soudan du Sud
54%
Tchad
54%
Timor Oriental
54%
Dominique
50%
Guadeloupe
50%
Rwanda
50%
Sainte-Lucie
50%
Sao Tomé-et-Principe
50%
Botswana
46%
Hong Kong
46%
Malawi
46%
Namibie
46%
Saint-Christophe-et-Niévès
46%
Sierra Leone
46%
Eswatini
42%
Lesotho
42%
Papouasie-Nouvelle-Guinée
42%
Nouvelle-Calédonie
38%
Macao
35%
Porto Rico
35%
La Réunion
31%
Anguilla
27%
Barbades
27%
Îles Cook
27%
Îles Vierges des États-Unis
27%
Tahiti
27%
Guam
23%
Îles Vierges britanniques
23%
Saint-Martin (France)
23%
Saint-Martin (Pays-Bas)
23%
Bermudes
19%
Curaçao
19%
Montserrat
19%
Niue
19%
Îles Caïmans
15%
Aruba
12%
Bonaire
12%
Îles Turques-et-Caïques
12%
Samoa américaines
12%
Zanzibar
12%
Îles Mariannes du Nord
8%

Distribution des résultats

Percentile par nombre de réponses

% des personnes avec chaque résultat

Votre développement - résultats

Vous n’avez pas pris ce quiz